Städte Salzburgs - Multiple Choice - Statistiken

Allgemein
  • Dieses Quiz wurde 128 mal gespielt
    40 seit der letzten Aktualisierung
  • Das Durchschnittsergebnis liegt bei 7 aus 10
Antwortstatistiken
Frage Antwort % Korrekt
Welche Stadt liegt NICHT an der Salzach Saalfelden am Steinernen Meer
95%
Die Stadtteile dieser Stadt liegen rund um den nach ihr benannten See. Der gleichnamige Bezirk ist flächendeckend mit dem Pinzgau. Zell
95%
Das Bergwerk "Salzwelten Salzburg" befindet sich hier, in der zweitgrößten Stadt des Bundeslandes. Hallein
86%
In dieser Stadt an der Salzach wurde das berühmte Weihnachtslied "Stille Nacht" das erste mal aufgeführt Oberndorf bei Salzburg
86%
Welches dieser Bilder gehört NICHT zur Stadt Salzburg
82%
Der Hauptort dieses Bezirkes besitzt keine Stadtrechte. Tamsweg
73%
Diese Stadt ist mit 10.951 Einwohnern die größte des Flachgaues und liegt am Wallersee. Seekirchen am Wallersee
68%
Welche dieser Gemeinden besitzt ein Stadtrecht? Neumarkt am Wallersee
64%
Diese Stadt ist mit 4.876 Einwohnern die kleinste in Salzburg. Es ist der Sitz des Wintersportgebietes Ski Amadé Radstadt
41%
Um welche Stadt handelt es sich beim Thumbnail dieses Quizzes? Mittersill
18%
Keine übereinstimmenden Quizze gefunden
Verteilung der Resultate
Anzahl Personen mit jedem Resultat
Perzentil nach korrekt beantworteten Fragen
Ihre Resultats-Entwicklung
Sie haben dieses Quiz seit der letzten Aktualisierung nicht gespielt